Prior information in linear models /

Bibliographic Details
Main Author: Toutenburg, Helge
Format: Book
Language:English
Published: Chichester ; New York : Wiley, [1982]
Series:Wiley series in probability and mathematical statistics. Tracts on probability and statistics.
Subjects:

MARC

Tag First Indicator Second Indicator Subfields
LEADER 00000pam a2200000 a 4500
001 in00000080376
005 20151008060940.0
008 810820s1982 enka b 00110 eng
010 |a  81014653  
020 |a 0471099740 :  |c $41.00 (est.) 
035 |a (OCoLC)07772723 
035 |9 AAJ6953AM 
039 0 |a 2  |b 3  |c 3  |d 3  |e 3 
040 |a DLC  |c DLC  |d TXA  |d UtOrBLW 
049 |a TXAM  |c [933349] 
050 0 0 |a QA276  |b .T67 1982 
082 0 |a 519.5  |2 19 
100 1 |a Toutenburg, Helge. 
245 1 0 |a Prior information in linear models /  |c Helge Toutenburg. 
264 1 |a Chichester ;  |a New York :  |b Wiley,  |c [1982] 
264 4 |c ©1982 
300 |a ix, 215 pages :  |b illustrations ;  |c 24 cm. 
336 |a text  |b txt  |2 rdacontent 
337 |a unmediated  |b n  |2 rdamedia 
338 |a volume  |b nc  |2 rdacarrier 
490 1 |a Wiley series in probability and mathematical statistics. Tracts on probability and statistics 
500 |a Includes index. 
504 |a Bibliography: pages 207-212. 
650 0 |a Mathematical statistics. 
650 0 |a Linear models (Statistics) 
830 0 |a Wiley series in probability and mathematical statistics.  |p Tracts on probability and statistics. 
999 |a MARS 
999 f f |s 73466602-fb7b-36c8-b186-a9dd8c1de25f  |i 52dcafaa-5269-38d9-9518-61eebec049cc  |t 0 
952 f f |p ric  |a Texas A&M University  |b Rellis Campus  |c Joint Library Facility  |d Remote Storage  |t 0  |e QA276 .T67 1982  |h Library of Congress classification  |i unmediated -- volume  |m A14806204104 
998 f f |a QA276 .T67 1982  |t 0  |l Remote Storage